000 00876nam a2200181Ia 4500
008 100917s9999 xx 000 0 und d
082 _b19923
100 _a---
245 _aघटकाभर करमणूक महाराष्ट्र साधू रामकृष्ण परमहंस यांचे चरित्र बोधवचने
260 _b---
_c1823
300 _a60
365 _b0
520 _a---
630 _aघटकाभर करमणूक महाराष्ट्र साधू रामकृष्ण परमहंस यांचे चरित्र बोधवचने
650 _a---
730 _aघटकाभर करमणूक महाराष्ट्र साधू रामकृष्ण परमहंस यांचे चरित्र बोधवचने
942 _cBOOK
999 _c625317
_d625314